<?xml version="1.0" encoding="UTF-8"?><?xml-stylesheet type="text/xsl" href="static/style.xsl"?><OAI-PMH xmlns="http://www.openarchives.org/OAI/2.0/" xmlns:xsi="http://www.w3.org/2001/XMLSchema-instance" xsi:schemaLocation="http://www.openarchives.org/OAI/2.0/ http://www.openarchives.org/OAI/2.0/OAI-PMH.xsd"><responseDate>2026-04-17T21:39:23Z</responseDate><request verb="GetRecord" identifier="oai:www.recercat.cat:20.500.12327/181" metadataPrefix="marc">https://recercat.cat/oai/request</request><GetRecord><record><header><identifier>oai:recercat.cat:20.500.12327/181</identifier><datestamp>2025-10-22T11:27:16Z</datestamp><setSpec>com_2072_4428</setSpec><setSpec>com_2072_4427</setSpec><setSpec>col_2072_487898</setSpec></header><metadata><record xmlns="http://www.loc.gov/MARC21/slim" xmlns:dcterms="http://purl.org/dc/terms/" xmlns:xsi="http://www.w3.org/2001/XMLSchema-instance" xmlns:doc="http://www.lyncode.com/xoai" xsi:schemaLocation="http://www.loc.gov/MARC21/slim http://www.loc.gov/standards/marcxml/schema/MARC21slim.xsd">
   <leader>00925njm 22002777a 4500</leader>
   <datafield ind2=" " ind1=" " tag="042">
      <subfield code="a">dc</subfield>
   </datafield>
   <datafield ind2=" " ind1=" " tag="720">
      <subfield code="a">Escobar, Cristina</subfield>
      <subfield code="e">author</subfield>
   </datafield>
   <datafield ind2=" " ind1=" " tag="720">
      <subfield code="a">Kallas, Zein</subfield>
      <subfield code="e">author</subfield>
   </datafield>
   <datafield ind2=" " ind1=" " tag="720">
      <subfield code="a">Gil, José M.</subfield>
      <subfield code="e">author</subfield>
   </datafield>
   <datafield ind2=" " ind1=" " tag="260">
      <subfield code="c">2018-01-01</subfield>
   </datafield>
   <datafield ind2=" " ind1=" " tag="520">
      <subfield code="a">Purpose:&#xd;
 Important socioeconomic changes have been undergone due to the international economic crisis.&#xd;
 In Catalonia (Spain), political changes towards independentism also occurred within the same period.&#xd;
 In our research we have explored the consumers’ wine preferences in Catalonia in two different&#xd;
 scenarios. In particular, we have focused our interest in those preferences regarding the regional origin&#xd;
 of the wine.&#xd;
 Design/methodology/approach:&#xd;
 Data was elicited from two identical Discrete Choice Experiments performed in two times: before&#xd;
 (2008) and during the economic crisis (2010) in Catalonia, Spain.&#xd;
 Findings:&#xd;
 The results imply that the external common circumstances may have had a homogenising&#xd;
 influence in consumer choices by decreasing the level of randomness of consumers’ selection.&#xd;
 Consumers’ preferences for a Catalan origin were enhanced during the crisis, while price became the&#xd;
 most important attribute.&#xd;
 Research limitations:&#xd;
 Ideally, the participants involved in both experiments would have been the same. Unfortunately,&#xd;
 this was not possible to maintain and it is one of the limitations of this study. We are also aware that&#xd;
 other non-controlled variables may have also played a role and the conclusions that are driven should&#xd;
 be taken carefully.&#xd;
 Originality/value:&#xd;
 This paper contributes to the literature of the Discrete Choice Modelling (DCM) using the&#xd;
 recently developed Generalised Multinomial Logit Model (GMNL). To our knowledge this is the first&#xd;
 application in the literature of wine preferences to measure the impact of the contextual changes&#xd;
 (economic and political) in Catalonia (Spain)</subfield>
   </datafield>
   <datafield ind1="8" ind2=" " tag="024">
      <subfield code="a">Escobar, Cristina, Zein Kallas, José M. Gil, (2018) "Consumers’ wine preferences in a changing scenario", British Food Journal, Vol. 120 Issue: 1, pp.18-32, https://doi.org/10.1108/BFJ-02-2017-0070.</subfield>
   </datafield>
   <datafield ind1="8" ind2=" " tag="024">
      <subfield code="a">0007-070X</subfield>
   </datafield>
   <datafield ind1="8" ind2=" " tag="024">
      <subfield code="a">http://hdl.handle.net/20.500.12327/181</subfield>
   </datafield>
   <datafield ind1="8" ind2=" " tag="024">
      <subfield code="a">https://doi.org/10.1108/BFJ-02-2017-0070</subfield>
   </datafield>
   <datafield ind2="0" ind1="0" tag="245">
      <subfield code="a">Consumers’ wine preferences in a changing scenario</subfield>
   </datafield>
</record></metadata></record></GetRecord></OAI-PMH>